000
00325nam a22001457a 4500
003
SGT
020
_a
9781529923834
082
_a
006.3
_b
SUL
100
_a
SULEYMAN MUSTAFA
245
_a
THE COMING WAVE AL POWER AND OUR FUTURE
260
_a
INDIA
_c
2023
_b
VINTAGE PUB.
300
_a
332
650
_a
BJMC
942
_2
ddc
_c
BK
999
_c
32136
_d
32136